The Beatles Song Title Antonyms - Statistics

General Stats
  • This quiz has been taken 162 times
  • The average score is 14 of 20
Answer Stats
Antonym Song Title % Correct
There Goes the Moon Here Comes the Sun
95%
To You From Me From Me To You
93%
You Won't I Will
90%
And You Hate Him And I Love Her
87%
Everywhere Woman Nowhere Man
87%
Moon Queen Sun King
85%
Without a Lot of Obstruction to Your Enemies With a Little Help from My Friends
77%
Nothing I Want Isn't Hate All You Need Is Love
76%
You Didn't See Him Sitting Here I Saw Her Standing There
76%
Bad Night Moonlight Good Day Sunshine
75%
The Day After The Night Before
69%
You Don't Want to Let Go of My Foot I Want to Hold Your Hand
62%
Silver Waking Hours Golden Slumbers
60%
Adult, I'm a Poor Woman Baby, You're a Rich Man
58%
One of Them Two of Us
58%
Patient Roberta Doctor Robert
57%
That Will Be Quick It Won't Be Long
45%
I'm Not Going to Keep This Boy You're Going to Lose That Girl
45%
You Won't Run Away From the Moon I'll Follow the Sun
43%
Go Away Get Back
37%
No matching quizzes found
Score Distribution
Percent of People with Each Score
Percentile by Number Answered
Your Score History
You have not taken this quiz